| 000 | 00953 a2200217 4500 | ||
|---|---|---|---|
| 001 | 42517 | ||
| 005 | 20260407155714.0 | ||
| 008 | 260407a1975 arg spa d | ||
| 003 | AR-UNSa-BCEJYS | ||
| 040 |
_aAR-UNSa-BCEJYS _bspa _cAR-UNSa-BCEJYS |
||
| 080 |
_a336.1 _xFinanzas Públicas. Finanzas del gobierno en general |
||
| 245 | 1 | 0 | _aTrabajos de investigación presentados en las octavas jornadas de finanzas públicas |
| 264 | 1 |
_aCórdoba : _bUniversidad Nacional de Córdoba _c1975 |
|
| 300 |
_apag. var. _c22 cm. |
||
| 505 | _a1. Problema de la implantación del I.V.A. - 2. Evaluación de la gestión del sector público en el primer año del plan trienal - 3. Empresas del Estado - | ||
| 041 | _aspa | ||
| 942 | _cBK | ||
| 590 | _aniveau_biblio:m niveau_hierar:0 | ||
| 100 | 1 | _aUniversidad Nacional de Córdoba. Facultad de Ciencias Económicas | |
| 700 | 1 | _aJornadas de Finanzas Públicas (8º : 1975 ago. 27-30 : Córdoba, Argentina) | |
| 999 |
_c3626 _d3626 |
||